| Tag |
First Indicator |
Second Indicator |
Subfields |
| LEADER |
00000cam a2200000 4500 |
| 001 |
in00000269421 |
| 005 |
20151010070205.0 |
| 008 |
711213s1971 nyua b 00000 eng |
| 010 |
|
|
|a 73124530
|
| 020 |
|
|
|a 0814753523
|
| 035 |
|
|
|a (OCoLC)00215460
|
| 035 |
|
|
|9 ABE5013AM
|
| 040 |
|
|
|a DLC
|c DLC
|d TXA
|d UtOrBLW
|
| 049 |
|
|
|a TXAM
|c [920778]
|
| 050 |
|
0 |
|a BD236
|b .I4
|
| 245 |
0 |
0 |
|a Identity and individuation /
|c Edited by Milton K. Munitz.
|
| 264 |
|
1 |
|a New York :
|b New York University Press,
|c 1971.
|
| 300 |
|
|
|a ix, 261 pages :
|b illustrations ;
|c 24 cm.
|
| 336 |
|
|
|a text
|b txt
|2 rdacontent
|
| 337 |
|
|
|a unmediated
|b n
|2 rdamedia
|
| 338 |
|
|
|a volume
|b nc
|2 rdacarrier
|
| 500 |
|
|
|a Papers presented during a seminar held in 1969-70 under the auspices of the Institute of Philosophy of the New York University, Dept. of Philosophy.
|
| 504 |
|
|
|a Includes bibliographical references.
|
| 650 |
|
0 |
|a Identity (Philosophical concept)
|
| 650 |
|
0 |
|a Individuation (Philosophy)
|
| 700 |
1 |
|
|a Munitz, Milton Karl,
|d 1913-
|
| 710 |
2 |
|
|a New York University.
|b Department of Philosophy.
|
| 999 |
|
|
|a MARS
|
| 999 |
f |
f |
|s fd975998-13f8-3da6-b21a-e67fc6fed64d
|i 12e05209-5059-3d96-b546-6d9c6e872fbc
|t 0
|
| 952 |
f |
f |
|p ric
|a Texas A&M University
|b Rellis Campus
|c Joint Library Facility
|d Remote Storage
|t 0
|e BD236 .I4
|h Library of Congress classification
|i unmediated -- volume
|m A14811211514
|
| 998 |
f |
f |
|a BD236 .I4
|t 0
|l Remote Storage
|